000 01206cam a2200337 a 4500
003 CHAP
005 20220329142411.0
007 z
008 001123d2000 mx 10 spa d
010 _a82942
011 _a83914
020 _a9701325133
035 _a94433
040 _cCHAP
090 _aCD-65
110 2 _aInstituto Nacional de Estadística, Geografía e Informática. México
_959304
245 0 _aCarta topográfica México-Norte (disco compacto) :
_bescala 1:250 000 : serie 1 imágenes cartográficas digitales
_c/por Instituto Nacional de Estadística, Geografía e Informática
260 _aAguascalientes, Ags. :
_bInstituto Nacional de Estadística, Geografía e Informática,
_c2000.
300 _a1 disco compacto
_c5 1/4 plgs.
590 _aBATCH-UPD
_b10
_c20130110
_lUCH01
_h1124
590 _aBATCH-UPD
_b10
_c20130410
_lUCH01
_h0714
590 _aBATCH-UPD
_b10
_c20130914
_lUCH01
_h0854
590 _aCONVERSION
_b10
_c20130109
_lUCH01
_h1346
650 1 4 _aCartografía.
_919644
650 1 4 _aMapas.
_971128
650 1 4 _aSuelos
_xMéxico.
_9110441
901 _aBK
905 _aLilia Sánchez G.
942 _cCD
949 _aCD-65
_bBC
_cCD
_d33724000582532
_eCD
_i94433
_sb
999 _c82942
_d82942